banner-ar

الرومانتيكية مالها وماعليها / (Record no. 30808)

MARC details
000 -الفاتح
حقل البيانات ثابتة الطول 00711nam a2200229Ia 4500
008 - عناصر البيانات ثابتة الطول - معلومات عامة
حقل البيانات ثابتة الطول 140319s9999 xx 000 0 ara d
040 ## - مصدر الفهرسة
وكالة الفهرسة الأصلية GCL /
وكالة النسخ GCL
082 04 - رقم تصنيف ديوى العشرى
رقم التصنيف 809.914
رقم المادة ج ر
100 1# - المدخل الرئيسى - إسم شخصى
الإسم الشخصى احمد خاكى
245 10 - بيان العنوان
العنوان الرومانتيكية مالها وماعليها /
بيان المسئوليه,etc احمد خاكى
700 1# - المدخل الاضافى - اسم شخصى
الإسم الشخصى جلكنر، روبرت
700 1# - المدخل الاضافى - اسم شخصى
الإسم الشخصى رانكو، وجيرالد
700 1# - المدخل الاضافى - اسم شخصى
الإسم الشخصى احمد حمدى محمود
260 ## - PUBLICATION, DISTRIBUTION, ETC. (IMPRINT)
تاريخ النشر أو التوزيع 1986
300 ## - الوصف المادى
التعداد 378 ص
490 ## - بيان السلسلة
عنوان السلسلة
650 04 - المدخل الاضافى بالموضوع-مصطلح موضوعى
مصطلح موضوعي الادب
650 04 - المدخل الاضافى بالموضوع-مصطلح موضوعى
مصطلح موضوعي الرومانتيكية فى الادب
650 04 - المدخل الاضافى بالموضوع-مصطلح موضوعى
مصطلح موضوعي تاريخ ونقد
942 ## - عناصر المدخل الإضافي( كوها)
مصدر التصنيف او مخطط الترفيف Dewey Decimal Classification
Koha [default] item type كتاب
260 ## - PUBLICATION, DISTRIBUTION, ETC. (IMPRINT)
-- [S.N] :
-- الهيئة المصرية العامة للكتاب ،
Holdings
حالة التراجع حالة الفقد حالة تلف ليس للاعارة المكان المؤقت الموقع الحالى تاريخ الاكتساب اجمالي اﻻعارات رقم الطلب الباركود تاريخ اخر مشاهدة تاريخ تفعيل السعر نوع وعاء كوها
        مكتبة القاهرة الكبرى مكتبة القاهرة الكبرى 03/26/2014   809.914\ج ر 71733 03/26/2014 03/26/2014 كتاب

Powered By

EGPV